Optimal control theory and static optimization in economics / (Record no. 15246)

000 -LEADER
fixed length control field 00811pam a2200229 a 4500
020 ## - INTERNATIONAL STANDARD BOOK NUMBER
ISBN 0521331587 (hardcover)
020 ## - INTERNATIONAL STANDARD BOOK NUMBER
ISBN 0521337461 (paper)
040 ## - CATALOGING SOURCE
Transcribing agency DLC
082 00 - DEWEY DECIMAL CLASSIFICATION NUMBER
Classification number 330 CAM 1992 A075 Or.
100 1# - MAIN ENTRY--AUTHOR NAME
Personal name Leonard, Daniel.
245 10 - TITLE STATEMENT
Title Optimal control theory and static optimization in economics /
260 ## - PUBLICATION, DISTRIBUTION, ETC. (IMPRINT)
Place of publication Cambridge ;
-- New York :
Name of publisher Cambridge University Press,
Year of publication 1992.
300 ## - PHYSICAL DESCRIPTION
Number of Pages x, 353 p. :
Other physical details ill. ;
Dimensions 24 cm.
650 #0 - SUBJECT ADDED ENTRY--TOPICAL TERM
Topical Term Mathematical optimization.
650 #0 - SUBJECT ADDED ENTRY--TOPICAL TERM
Topical Term Control theory.
650 #0 - SUBJECT ADDED ENTRY--TOPICAL TERM
Topical Term Statics and dynamics (Social sciences)
700 1# - ADDED ENTRY--PERSONAL NAME
Personal name Long, Ngo van.
856 41 - ELECTRONIC LOCATION AND ACCESS
Uniform Resource Identifier http://www.loc.gov/catdir/samples/cam031/91014126.html
856 42 - ELECTRONIC LOCATION AND ACCESS
Uniform Resource Identifier http://www.loc.gov/catdir/description/cam024/91014126.html
856 41 - ELECTRONIC LOCATION AND ACCESS
Uniform Resource Identifier http://www.loc.gov/catdir/toc/cam025/91014126.html
942 ## - ADDED ENTRY ELEMENTS (KOHA)
Koha item type សៀវភៅភាសាអង់គ្លេស
952 ## - LOCATION AND ITEM INFORMATION (KOHA)
Withdrawn status [LOCAL, KOHA] 0
Holdings
Permanent Location Date acquired Koha item type Lost status Shelving location Barcode Current Location Full call number
Library Block A2017-11-14សៀវភៅភាសាអង់គ្លេស A075A07709Library Block A330 CAM 1992 A075 Or.
មជ្ឈមណ្ឌលឯការនៃសាកលវិទ្យាល័យភូមិន្ទកសិកម្មចំការដូង

Powered by Koha